000 00432nam a2200169Ia 4500
008 230718s9999 xx 000 0 und d
041 _aeng
082 _a620.1
_bMER
100 _aMeriam J.L.
245 _aEngineering Mechanics Statics
250 _a4 th
260 _c1998
_bJohn Wiley & Sons
300 _a524
365 _cRs.
_b403.00
700 _aMeriam J.L. & Karige L.G.
906 _dB:82510-Jan-2002
_cALLEDS
_b64.48
999 _c302870
_d302870